000 00932nam a22002291a 4500
001 78965
003 BD-RjUL
005 20211209083209.0
008 211205b2017 bg ||||| |||| 00| 0 ben d
020 _a9847011701707
_c: TK. 300
035 _a(BD-RjUL)79192
040 _aBD-RjUL
_bben
_cBD-RjUL
041 _aben
082 _223
_a954.9205092
_bMOR 2017
100 _a মনির,খায়রুল আলম
_9250987
245 1 0 _aরাষ্ট্রনায়ক বঙ্গবন্ধুর বাংলাদেশ /
_cখায়রুল আলম মনির
260 _aঢাকা :
_bরোদেলা প্রকাশনী,
_c২০১৭
300 _a৩০৩ পৃ. :
_bচিত্র ;
_c২২ সেমি.
600 _aমুজিবুর রহমান,
_cশেখ,
_d১৯২০-১৯৭৫
_9250990
600 _aMujibur Rahman,
_cSheikh,
_d1920-1975
_9250991
942 _2ddc
_cBK
999 _c78965
_d78965